Top 20 UK Baby Names 2017 - Statistics

General Stats
  • This quiz has been taken 299 times
  • The average score is 28 of 40
Answer Stats
# First Letter Answer % Correct
1 O Oliver
95%
1 O Olivia
92%
2 H Harry
91%
11 W William
90%
3 G George
88%
17 J James
88%
5 J Jack
86%
4 N Noah
83%
6 I Isabella
82%
2 A Amelia
81%
13 H Henry
81%
3 I Isla
81%
14 T Thomas
81%
4 A Ava
80%
5 E Emily
80%
14 E Evie
77%
11 S Sophia
75%
7 M Mia
74%
16 S Sophie
74%
9 E Ella
73%
6 J Jacob
73%
13 G Grace
72%
8 O Oscar
72%
12 C Charlotte
70%
10 L Lily
70%
9 C Charlie
68%
15 J Joshua
68%
8 P Poppy
65%
16 F Freddie
64%
20 F Freya
64%
15 J Jessica
60%
7 L Leo
60%
12 A Alfie
58%
19 F Florence
57%
18 D Daisy
53%
17 A Alice
51%
19 A Arthur
48%
18 A Archie
44%
20 L Logan
42%
10 M Muhammad
31%
No matching quizzes found
Score Distribution
Percent of People with Each Score
Percentile by Number Answered
Your Score History
You have not taken this quiz